Microeconomics

Guardado en:
Detalles Bibliográficos
Autor principal: Hyman, David N.
Formato: Libro
Lenguaje:inglés
Publicado: Homewood IRWIN 1992
Edición:2. ed.
Materias:
Etiquetas: Agregar Etiqueta
Sin Etiquetas, Sea el primero en etiquetar este registro!

MARC

LEADER 00000nam a2200000 4500
001 c014382
005 20221206084810.5
020 |a 0-256-09016-5 
041 0 |a eng 
044 |a US 
245 1 0 |a Microeconomics  |c David N. Hyman 
250 |a 2. ed. 
264 1 |a Homewood  |b IRWIN  |c 1992 
300 |a 664 s. 
610 2 0 |a mikroekonomika 
610 2 0 |a dopyt 
610 2 0 |a ponuka 
610 2 0 |a trh 
610 2 0 |a výroba 
610 2 0 |a monopoly 
610 2 0 |a firmy 
610 2 0 |a regulácia trhu 
610 2 0 |a oligopoly 
610 2 0 |a trh práce 
610 2 0 |a obchod medzinárodný 
610 2 0 |a socializmus 
100 1 |a Hyman, David N.